| 000 | 00885nam a22002417a 4500 | ||
|---|---|---|---|
| 999 |
_c9702 _d9702 |
||
| 003 | AR-CdUCM | ||
| 008 | 190328b ||||| |||| 00| 0 spa d | ||
| 040 |
_aMUNICIPALIDAD PROVINCIAL DEL CUSCO _cBIBLIOTECA MUNICIPAL DEL CUSCO |
||
| 041 | _hfre | ||
| 082 |
_a595.7 / _bC37 / 1924 |
||
| 100 |
_aCaustier, E. _926079 |
||
| 245 | _aLos insectos / | ||
| 260 |
_aParís : _bEdiciones Españolas, _c1924. |
||
| 300 |
_a188 páginas ; _bgradados, figuras, _c18 cm. |
||
| 440 |
_aBiblioteca de las Maravillas. _926080 |
||
| 505 | _aContenido: Cómo son y cómo viven -- Cómo sienten -- Los medios de defensa -- Orígen y evolución de los insectos -- La progenitura y la metamorfosis ... | ||
| 650 |
_aInsectos _919562 |
||
| 650 |
_aEntomología _918877 |
||
| 650 |
_aEvolución _97012 |
||
| 700 |
_aAguado de la Loma, J. M. (traducción) _926081 |
||
| 942 |
_2ddc _cLIBROS |
||
| 945 | _aachl | ||